<?xml version="1.0" encoding="UTF-8"?>
<record
    xmlns:xsi="http://www.w3.org/2001/XMLSchema-instance"
    xsi:schemaLocation="http://www.loc.gov/MARC21/slim http://www.loc.gov/standards/marcxml/schema/MARC21slim.xsd"
    xmlns="http://www.loc.gov/MARC21/slim">

  <leader>03545nam a2200301uu 4500</leader>
  <controlfield tag="001">1296860</controlfield>
  <controlfield tag="005">20260508075307.0</controlfield>
  <controlfield tag="008">120910s2010                        spa  </controlfield>
  <datafield tag="020" ind1=" " ind2=" ">
    <subfield code="a">9788479789664</subfield>
  </datafield>
  <datafield tag="035" ind1=" " ind2=" ">
    <subfield code="a">1296860</subfield>
  </datafield>
  <datafield tag="040" ind1=" " ind2=" ">
    <subfield code="c">comduadb</subfield>
  </datafield>
  <datafield tag="041" ind1=" " ind2=" ">
    <subfield code="a">spa</subfield>
  </datafield>
  <datafield tag="050" ind1=" " ind2="4">
    <subfield code="a">RC</subfield>
  </datafield>
  <datafield tag="100" ind1="1" ind2="0">
    <subfield code="a">Hanas, Ragnar</subfield>
    <subfield code="4">aut</subfield>
    <subfield code="e">aut</subfield>
    <subfield code="9">672476</subfield>
  </datafield>
  <datafield tag="245" ind1="1" ind2="0">
    <subfield code="a">Diabetes tipo 1 en ni&#xF1;os, adolescentes y adultos j&#xF3;venes : c&#xF3;mo llegar a ser un experto en su propia diabetes</subfield>
  </datafield>
  <datafield tag="250" ind1=" " ind2=" ">
    <subfield code="a">2. ed.</subfield>
  </datafield>
  <datafield tag="260" ind1=" " ind2=" ">
    <subfield code="a">Madrid :</subfield>
    <subfield code="b">D&#xED;az de Santos,</subfield>
    <subfield code="c">2010.</subfield>
  </datafield>
  <datafield tag="300" ind1=" " ind2=" ">
    <subfield code="a">489 p&#xE1;ginas :</subfield>
    <subfield code="b">ilustraciones</subfield>
  </datafield>
  <datafield tag="505" ind1=" " ind2=" ">
    <subfield code="a">CONTENIDO: Introducci&#xF3;n. -- Empezando a hacernos cargo de la diabetes. -- C&#xF3;mo cuidar nuestra diabetes. -- Diabetes: algunas nociones b&#xE1;sicas. -- &#xBF;C&#xF3;mo funciona nuestro cuerpo? -- Niveles elevados de glucosa en sangre. -- Regulaci&#xF3;n de la glucosa en sangre. -- Hipoglucemia. -- Tratamiento de la hipoglucemia. -- Tratamiento con insulina. -- Monitorizaci&#xF3;n. -- HbA1c. -- T&#xE9;cnicas de inyecci&#xF3;n. -- Material de inyecci&#xF3;n. -- Ajuste de la dosis de insulina. -- Bomba de insulina. -- Efectos colaterales del tratamiento con insulina. -- Requerimientos de insulina. -- Nutrici&#xF3;n en diabetes. -- Edulcorantes. -- Golosinas. -- Control del peso. -- Trastornos de la conducta alimentaria. -- Ejercicio f&#xED;sico. -- Estr&#xE9;s. -- Fiebre y d&#xED;as con enfermedad. -- Fumar. -- Alcohol. -- Drogas ilegales. -- Embarazo y sexualidad. -- Aspectos sociales. -- Consejos para viajar. -- Enfermedades asociadas. -- Complicaciones vasculares. -- C&#xF3;mo reducir el riesgo de complicaciones. -- Investigaci&#xF3;n. -- Aspectos psicol&#xF3;gicos. -- Fobia a las agujas. -- Personas famosas con diabetes.</subfield>
  </datafield>
  <datafield tag="520" ind1="3" ind2=" ">
    <subfield code="a">RESE&#xD1;A:
Este libro expone de un modo pr&#xE1;ctico todo lo que uno necesita saber para poder cuidar bien de su diabetes. Tener diabetes significa verse en la necesidad de conocer m&#xE1;s acerca de esta condici&#xF3;n de lo que puede saber cualquier m&#xE9;dico general y estar en condiciones de entender y tomar decisiones apropiadas en el cuidado d&#xED;a a d&#xED;a de la enfermedad. &#xC9;sta es una condici&#xF3;n necesaria tanto para disfrutar de la vida en el presente como para evitar o posponer posibles complicaciones en el largo plazo. La investigaci&#xF3;n actual no deja lugar a dudas de que el mantenimiento de niveles adecuados de glucosa en sangre reduce el riesgo de desarrollar complicaciones a largo plazo como consecuencia de la diabetes enfermeros, educadores diabetol&#xF3;gicos, m&#xE9;dicos, nutricionistas, maestros y otras personas al cuidado de ni&#xF1;os con diabetes. En algunos casos el autor habla directamente al ni&#xF1;o o joven con diabetes. Otras veces se dirige a sus padres y su familia. En ocasiones la informaci&#xF3;n est&#xE1; destinada a terceros, como los miembros del equipo m&#xE9;dico que trata la diabetes. Podr&#xED;amos imaginarnos, al leer el libro, a todos sentados alrededor de una mesa intercambiando y compartiendo la informaci&#xF3;n, pero el mensaje m&#xE1;s importante, siempre presente a lo largo del texto, es que es uno quien est&#xE1; al mando de su propia vida y no debe permitir que sea la diabetes quien la controla. Para lograr esto uno debe aprender c&#xF3;mo manejar el tratamiento ante las diferentes situaciones que se plantean d&#xED;a a d&#xED;a.</subfield>
  </datafield>
  <datafield tag="650" ind1=" " ind2=" ">
    <subfield code="a">Diabetes mellitus en ni&#xF1;os</subfield>
    <subfield code="9">53109</subfield>
  </datafield>
  <datafield tag="650" ind1=" " ind2=" ">
    <subfield code="a">Diabetes mellitus tipo 1 en ni&#xF1;os</subfield>
    <subfield code="9">54399</subfield>
  </datafield>
  <datafield tag="650" ind1=" " ind2=" ">
    <subfield code="a">Diabetes mellitus tipo 2 - Complicaciones</subfield>
    <subfield code="9">81376</subfield>
  </datafield>
  <datafield tag="650" ind1=" " ind2=" ">
    <subfield code="a">Diabetes mellitus tipo 2 - Tratamiento</subfield>
    <subfield code="9">147327</subfield>
  </datafield>
  <datafield tag="650" ind1=" " ind2=" ">
    <subfield code="a">Hipoglicemia</subfield>
    <subfield code="9">22479</subfield>
  </datafield>
  <datafield tag="650" ind1=" " ind2="7">
    <subfield code="a">Insulina</subfield>
    <subfield code="2">dcs</subfield>
    <subfield code="9">16326</subfield>
  </datafield>
  <datafield tag="942" ind1=" " ind2=" ">
    <subfield code="c">BOOK</subfield>
  </datafield>
  <datafield tag="999" ind1=" " ind2=" ">
    <subfield code="c">631929</subfield>
    <subfield code="d">631929</subfield>
  </datafield>
  <datafield tag="952" ind1=" " ind2=" ">
    <subfield code="0">0</subfield>
    <subfield code="1">0</subfield>
    <subfield code="4">0</subfield>
    <subfield code="7">0</subfield>
    <subfield code="8">GENERAL</subfield>
    <subfield code="a">BR</subfield>
    <subfield code="b">BR</subfield>
    <subfield code="d">2012-09-10</subfield>
    <subfield code="e">Benedetti</subfield>
    <subfield code="g">115000.00</subfield>
    <subfield code="i">C1155005</subfield>
    <subfield code="l">1</subfield>
    <subfield code="o">RC660 H3</subfield>
    <subfield code="p">95771</subfield>
    <subfield code="r">2023-11-15 00:00:00</subfield>
    <subfield code="s">2023-10-18</subfield>
    <subfield code="t">1</subfield>
    <subfield code="w">2023-05-02</subfield>
    <subfield code="y">BOOK</subfield>
  </datafield>
</record>
